[Event "Challenge"]
[Site "http://www.queenalice.com/game.php?id=74867"]
[Date "2006.6.7"]
[Round "-"]
[White "Favero"]
[Black "Cientista"]
[Result "0-1"]
[WhiteElo "1100"]
[BlackElo "1100"]

1. Nc3 Nc6 2. e4 e5 3. Be2 Nf6 4. g4 d5 5. Bf3 Be6 6. g5 Nxe4 7. Nxe4 dxe4 8.
Bxe4 Qxg5 9. Nf3 Qf6 10. Rg1 h6 11. Qe2 Bd7 12. c3 O-O-O 13. b4 Bd6 14. d4 exd4
15. b5 Ne5 16. Nxd4 h5 17. Qe3 Ng4 18. Qe2 Bxh2 19. Nf3 Bxg1 20. Nxg1 Qxc3+ 21.
Qd2 Qxa1 22. Qb2 Qxb2 23. Bxb2 Rhe8 24. f3 g6 25. a4 f5 26. fxg4 Rxe4+ 0-1

[Event "Let's Play Chess!"]
[Site "http://www.queenalice.com/game.php?id=75630"]
[Date "2006.6.11"]
[Round "-"]
[White "Miguelname"]
[Black "Favero"]
[Result "1-0"]
[WhiteElo "1941"]
[BlackElo "967"]

1. Nf3 Na6 2. e4 Nf6 3. Bxa6 bxa6 4. e5 Ng4 5. d4 d6 6. h3 Nh6 7. O-O c5 8. exd6
Qxd6 9. dxc5 Qxc5 10. Be3 Qb5 11. Nc3 Qxb2 12. Nd5 Qb7 13. Bf4 Be6 14. Nc7+ Qxc7
15. Bxc7 g6 16. Qd4 Rg8 17. Ne5 Bg7 18. Qa4+ Kf8 19. Qc6 Bxe5 20. Qxa8+ Kg7 21.
Bxe5+ f6 22. Qxa7 fxe5 23. Qxe7+ Bf7 24. Qxe5+ Kf8 25. Rab1 Bxa2 26. Rb8+ Kf7
27. Rb7+ Kf8 28. Qe7# 1-0

[Event "Let's Play Chess!"]
[Site "http://www.queenalice.com/game.php?id=75760"]
[Date "2006.6.11"]
[Round "-"]
[White "Favero"]
[Black "argelo"]
[Result "0-1"]
[WhiteElo "967"]
[BlackElo "1521"]

1. e4 d6 2. Bb5+ Bd7 3. c4 e5 4. d3 c6 5. Ba4 Nf6 6. Nh3 Be7 7. Qb3 Qb6 8. Be3
c5 9. Nc3 O-O 10. Nb5 Be6 11. Qd1 a6 12. Nc3 Qxb2 13. Qc1 Qb6 14. Qb1 Qc7 15. f3
Qc8 16. g4 h6 17. g5 Bxh3 18. gxf6 Bxf6 19. Qb2 Bh4+ 20. Kd1 Nc6 21. Bxc6 Qxc6
22. Rb1 Rab8 23. Rg1 f5 24. Bxh6 Bf6 25. Rg3 f4 26. Rxh3 gxh6 27. Rxh6 Kf7 28.
h4 Rh8 29. Rxh8 Rxh8 30. Nd5 Rxh4 31. Qg2 b5 32. Kd2 b4 0-1

[Event "AUTO-ADV-186"]
[Site "http://www.queenalice.com/game.php?id=75961"]
[Date "2006.6.12"]
[Round "1"]
[White "diego2907"]
[Black "Favero"]
[Result "1-0"]
[WhiteElo "1767"]
[BlackElo "956"]

1. e4 e5 2. Bc4 Qh4 3. d3 Bc5 4. g3 Qe7 5. Nc3 Qf6 6. Nf3 Nh6 7. Nd5 Qg6 8.
Nxc7+ Kd8 9. Nxa8 b6 10. Bxh6 Qxh6 11. Bxf7 Bb4+ 12. c3 Bc5 13. Qe2 Bb7 14. Bd5
Kc8 15. Nxe5 Qf6 16. Ng4 Qe7 17. O-O-O h5 18. Ne3 Nc6 19. Nf5 Qe5 20. f4 Qf6 21.
Nxb6+ Bxb6 22. Bxc6 Bxc6 23. d4 1-0

[Event "AUTO-ADV-186"]
[Site "http://www.queenalice.com/game.php?id=75962"]
[Date "2006.6.12"]
[Round "1"]
[White "Favero"]
[Black "diego2907"]
[Result "0-1"]
[WhiteElo "956"]
[BlackElo "1769"]

1. e4 d6 2. Bb5+ Bd7 3. c4 Bxb5 4. cxb5 a6 5. Qa4 Nd7 6. bxa6 bxa6 7. Nf3 g6 8.
Ng5 Bg7 9. Qb3 e6 10. d4 Bxd4 11. Nd2 Qxg5 12. Nf3 Qc5 13. Be3 Bxe3 14. fxe3 Rb8
15. Qa4 Qxe3+ 16. Kf1 Nf6 17. Re1 Qd3+ 18. Kf2 Rxb2+ 19. Kg3 O-O 20. Rd1 Nxe4+
21. Kf4 e5+ 0-1

[Event "AUTO-ADV-186"]
[Site "http://www.queenalice.com/game.php?id=75977"]
[Date "2006.6.12"]
[Round "1"]
[White "Favero"]
[Black "Fredov"]
[Result "0-1"]
[WhiteElo "967"]
[BlackElo "1638"]

1. e4 c5 2. c3 e6 3. Bb5 Nc6 4. Ba4 Be7 5. Qg4 Bg5 6. h4 Bh6 7. Na3 d6 8. d3 Nf6
9. Qg3 Bxc1 10. Rxc1 O-O 11. h5 h6 12. Rh4 e5 13. Bb3 a5 14. Qf3 Na7 15. g4 Nh7
16. Rh2 Ng5 17. Qg3 Rb8 18. Ne2 b5 19. d4 Nxe4 20. Qe3 Ng5 21. dxe5 Bxg4 22. f4
Nf3+ 23. Kf2 Nxh2 24. Qg3 Bxh5 25. Qxh2 Bxe2 26. Kxe2 dxe5 27. fxe5 Nc6 28. Qf2
c4 29. Bc2 Re8 30. b3 Rxe5+ 31. Kf1 Qe7 32. bxc4 Qxa3 33. Ra1 bxc4 34. Rb1 Rxb1+
35. Bxb1 Qxc3 36. Qg2 Qe1# 0-1

[Event "AUTO-ADV-186"]
[Site "http://www.queenalice.com/game.php?id=75978"]
[Date "2006.6.12"]
[Round "1"]
[White "Fredov"]
[Black "Favero"]
[Result "1-0"]
[WhiteElo "1636"]
[BlackElo "967"]

1. d4 e6 2. Nf3 Bb4+ 3. c3 Ba5 4. e4 h5 5. Be2 Qf6 6. Bg5 Qg6 7. Bd3 f6 8. e5
Qf7 9. exf6 gxf6 10. Qc2 Rh6 11. Bxh6 Ke7 12. Be3 Nc6 13. O-O f5 14. Re1 Nb4 15.
cxb4 Bxb4 16. Qxc7 Bd6 17. Qc4 f4 18. Bd2 a6 19. Nc3 b5 20. Qb3 Bb7 21. Be4 Rb8
22. Bxb7 Rxb7 23. Nd5+ Kd8 24. Ba5+ Bc7 25. Bxc7+ Rxc7 26. Nxc7 Kxc7 27. Ne5 Qg7
28. Rac1+ Kd8 29. Nc6+ dxc6 30. Qxe6 f3 31. Qe8+ Kc7 32. Rxc6+ Kb7 33. Qc8+ Ka7
34. Qxa6+ 1-0

[Event "Let's Play Chess!"]
[Site "http://www.queenalice.com/game.php?id=76075"]
[Date "2006.6.13"]
[Round "-"]
[White "Favero"]
[Black "Boeing"]
[Result "1-0"]
[WhiteElo "967"]
[BlackElo "1969"]

1. e4 e5 2. Bb5 a6 3. Ba4 b5 4. Bb3 Bb7 5. Qh5 Qf6 6. Nf3 g6 7. Qxe5+ Qxe5 8.
Nxe5 Nh6 9. d3 d6 10. Nf3 f6 11. a4 c5 12. Nc3 1-0

[Event "Challenge"]
[Site "http://www.queenalice.com/game.php?id=77830"]
[Date "2006.6.18"]
[Round "-"]
[White "dtrainey"]
[Black "Favero"]
[Result "1-0"]
[WhiteElo "1229"]
[BlackElo "967"]

1. d4 Nc6 2. d5 Nb4 3. a3 Na6 4. e4 Nf6 5. Nc3 e6 6. dxe6 fxe6 7. e5 Nd5 8. Nxd5
exd5 9. Qxd5 Qe7 10. Bxa6 bxa6 11. Qxa8 Qxe5+ 12. Ne2 Kd8 13. Qxa7 Qe4 14. Bg5+
Be7 15. Bxe7+ Kxe7 16. Qe3 d5 17. Qxe4+ dxe4 18. O-O-O Rf8 19. Rhf1 c5 20. f4
Rf6 21. g3 Rh6 22. h4 g6 23. Nc3 Bh3 24. Rfe1 Bf5 25. Nd5+ Kf7 26. Nc7 Bg4 27.
Rd6 Rh5 28. Rxe4 c4 29. Rxc4 Re5 30. Nxa6 Re1+ 31. Kd2 Re2+ 32. Kc3 1-0

[Event "AUTO-ADV-190"]
[Site "http://www.queenalice.com/game.php?id=78934"]
[Date "2006.6.21"]
[Round "1"]
[White "PlatinumRook"]
[Black "Favero"]
[Result "1-0"]
[WhiteElo "1646"]
[BlackElo "956"]

1. e4 Nf6 2. e5 Nd5 3. d4 c6 4. c4 Nb6 5. Bd3 d5 6. cxd5 Nxd5 7. Nc3 f6 8. Qh5+
g6 9. Bxg6+ Kd7 10. Bf5+ Kc7 11. e6 Qd6 12. Qf7 c5 13. Nb5+ Kc6 14. Nxd6 Kxd6
15. dxc5+ Kxc5 16. a3 h5 17. b4+ Kb5 18. a4+ 1-0

[Event "AUTO-ADV-190"]
[Site "http://www.queenalice.com/game.php?id=78935"]
[Date "2006.6.21"]
[Round "1"]
[White "Favero"]
[Black "PlatinumRook"]
[Result "0-1"]
[WhiteElo "956"]
[BlackElo "1646"]

1. e4 c5 2. Nc3 d6 3. Bb5+ Bd7 4. d3 a6 5. Bc4 b5 6. Bd5 Bc6 7. a4 b4 8. Nb1
Bxd5 9. exd5 Nf6 10. Qf3 Nbd7 11. Ne2 Ne5 12. Qh3 Nxd5 13. c4 bxc3 14. Nbxc3 Nb4
15. O-O Nexd3 16. Qh4 e6 17. Nf4 Qxh4 18. Be3 Nxf4 19. Bxf4 Qxf4 0-1